|
|
|
|
| LEADER |
00000naa0a2200000 4500 |
| 001 |
594356 |
| 005 |
20250206115057.0 |
| 035 |
|
|
|a (RuTPU)RU\TPU\tpu\8933
|
| 035 |
|
|
|a RU\TPU\tpu\8932
|
| 090 |
|
|
|a 594356
|
| 100 |
|
|
|a 20020617d1988 k||y0rusy50 ca
|
| 101 |
0 |
|
|a rus
|
| 102 |
|
|
|a RU
|
| 200 |
1 |
|
|a Исследование влияния характера контактных явлений на границе слюда-стекло на свойства спеченных слюдокомпозитов
|f Э. Н. Беломестнова, В. М. Погребенков
|
| 461 |
|
|
|t Адгезия расплавов и пайка материалов
|
| 463 |
|
|
|t Вып. 20
|v С. 82-85
|d 1988
|
| 610 |
1 |
|
|a труды учёных ТПУ
|
| 700 |
|
1 |
|a Беломестнова
|b Э. Н.
|c кандидат технических наук
|c ХТФ
|f 1942-
|g Эмилия Николаевна
|3 (RuTPU)RU\TPU\pers\4919
|
| 701 |
|
1 |
|a Погребенков
|b В. М.
|c ХТФ
|c кандидат технических наук
|f 1954-
|g Валерий Матвеевич
|3 (RuTPU)RU\TPU\pers\3371
|
| 801 |
|
2 |
|a RU
|b 63413507
|c 20100208
|g PSBO
|
| 942 |
|
|
|c CR
|